X men Characters - Statistics

General Stats
  • This quiz has been taken 530 times
  • The average score is 12 of 15
Answer Stats
Hint Answer % Correct
Projects a beam of ruby-colored concussive force from his eyes Cyclops
97%
Generates and controls magnetic fields for manipulating metal. Magneto
96%
Manipulates weather. Storm
94%
Has the indestructible metal adamantium bonded to his skeleton Wolverine
94%
Generates freezing temperatures to create and manipulate ice. Iceman
93%
Neomorphic physiology grants him a prehensile tail, blue fur, invisibility in shadows, night vision, and wall-crawling. Possesses line-of-sight teleportation. Nightcrawler
88%
Absorbs powers, memories, and personalities through skin-to-skin contact. Rogue
88%
Blue skinned shapeshifter Mystique
87%
Charges inanimate objects with explosive kinetic energy. His primary weapons are cards, and his secondary weapon is his bo staff. Gambit
84%
Sonic scream, flight, enhanced hearing. Banshee
75%
World's most powerful telepath Charles Xavier
75%
Can transform into an organic diamond form Emma Frost
75%
Cyclops' brother. Generates plasma blasts and absorbs cosmic energy. Havok
72%
Longtime foe of Wolverine. Sabretooth
71%
Professor Xavier's stepbrother Juggernaut
58%
No matching quizzes found
Score Distribution
Percent of People with Each Score
Percentile by Number Answered
Your Score History
You have not taken this quiz